000 01483nam a2200301 4500
001 94
003 OSt
005 20250528074011.0
008 250124b |||||||e |||| 00| 1 eng d
040 _bpor
041 _heng
_apor
082 _a813
_bC147s
100 1 _aCaldwell, Taylor,
_d1900-1985
_9206
240 _aCeremony of the innocent
245 _aO sacrifício da inocência /
_cCaldwell, Taylor ; Tradução de Lygia Junqueira Caiuby
260 _aSão Paulo
_bCírculo do Livro
_c1976
300 _a570 p.
520 _aA autora conta as histórias paralelas de uma mulher e de uma nação - e a perda da inocência. Ellen Watson nasceu na maior pobreza. Uma vida de humilhações e de trabalho pesado foi tudo o que lhe coube. Até aparecer Jeremy Porter, famoso advogado nova-iorquino, que viu uma mulher de beleza irresistível na maltratada e esfarrapada empregadinha. Viu nela a mulher que iria desposar. Assim Ellen foi jogada num mundo para o qual não estava preparada - o mundo da política, da riqueza e do poder. Um mundo onde a sua inocência encantadora seria ameaçada pela hipocrisia e pela ambição sem limites. E Jeremy era o único que poderia salvá-la.
650 0 _aLiteratura Americana
_984
650 0 _aDrama
_918
650 0 _aHistórico
_953
650 0 _aExperiência de vida
_9188
650 0 _aPolêmica
_9117
655 0 _aRomance
_923
655 0 _aFicção
_922
700 _aLygia Junqueira Caiuby
_eTradutor
_9210
942 _2ddc
_n0
_cBK
999 _c94
_d94